000 00310cam a2200133ua 4500
999 _c15422
_d15422
020 _a9788183331630
082 _a005.133
_bKAN/LE
100 _aKanetkar, Yashavant P .
_93113
245 _aLet us C /
250 _a5
260 _aNew Delhi :
_bB P B Publishers ,
_c2007.
300 _a632 ; .
942 _cBK